| 000 | 00838cam a2200217 4500 | ||
|---|---|---|---|
| 005 | 20211122115437.0 | ||
| 008 | 211122b mx ||||| |||| 00| 0 spa d | ||
| 020 | _a9683641474 | ||
| 050 | 0 | 4 |
_aKG480 _bD68 1994 |
| 100 | 1 |
_aDougnac Rodríguez, Antonio _eautor |
|
| 245 | 1 | 0 |
_aManual de Historia del Derecho Indiano _c/ Antonio Dougnac Rodríguez |
| 250 | _a1a ed. | ||
| 260 |
_aMéxico : _bUniversidad Nacional Autónoma de México, _c1994 |
||
| 300 |
_a465 p. : _c23 cm. |
||
| 490 | 0 |
_aEstudios históricos ; _v47 |
|
| 504 | _aBibliografía : p. 451-456 | ||
| 650 | 7 |
_2lemb _aIndígenas de América del Sur _xCondición jurídica, Leyes, etc. _xHistoria |
|
| 650 | 7 |
_2lemb _aIndígenas de América Central _xCondición jurídica, Leyes, etc. _xHistoria |
|
| 651 | 4 |
_aHispanoaméricana _xHistoria _yHasta 1830 |
|
| 942 |
_2lcc _cLIB |
||
| 999 |
_c126693 _d126693 |
||